Very Easy Sports General Knowledge - Statistics

General Stats
  • This quiz has been taken 73 times
  • The average score is 12 of 16
Answer Stats
Hint Answer % Correct
When a player scores three goals in hockey or soccer A Hat Trick
88%
The top post of a soccer goal The Crossbar
84%
The term for scoring a point on your serve in volleyball and tennis An Ace
81%
The term for bringing someone to the ground in football, and taking the ball in soccer Tackling
81%
When a volleyball players slams it hard over the net A Spike
78%
When a basketball players takes too many steps without dribbling A Travel
78%
When a ball does not enter fair territory in baseball A Foul Ball
75%
When a kick goes between the uprights in football Field Goal
75%
Baseball position in-between second and third base Shortstop
75%
The orange circular object that the ball must go through in basketball The Rim
75%
After a player gets fouled in basketball, they get _____ ______ Free Throws
70%
Where a player goes after committing an offense in hockey The Penalty Box
70%
The football position that primarily catches the ball Wide Receiver/Tight End
67%
Where baseball pitchers warm up The Bullpen
58%
What it's called when a football player passes the ball back A Lateral
55%
The term for a player who is up next in baseball On Deck
55%
No matching quizzes found
Score Distribution
Percent of People with Each Score
Percentile by Number Answered
Your Score History
You have not taken this quiz